000 00490nam a2200181Ia 4500
008 210210b2004 xxu||||| |||| 00| 0 eng d
082 _a382.92K RAJJ
100 _aRAJENDRA CHENNI mattu SIRAJ AHAMAD. Ed.
245 _aJagatikarana: ondu samagra manthana.
260 _aBengaluru
_bKarnataka Sahitya Akademi
_c2004
300 _aix,214
650 _asamagra
650 _aondu
650 _amanthana.
650 _aJagatikarana:
690 _aInternational Trade
906 _aSG04723
999 _c115555
_d115555